000 00906nas a2200289 4500
001 BR2011007566
003 BR-BrBNA
005 20231205115801.0
007 ta
008 230509b bl.|||p| |||| 00| 00por d
040 _aBR-BrBNA
_bpor
_cBiblioteca Nacional de Agricultura
041 _a(Pt)
072 _aF30
100 1 _aPereira, H.S.
100 1 _aSantos, J.B. dos
100 1 _aSouza, T.P. de
100 1 _aLima, I.A.
245 1 _aSeleção fenotípica e assistida por marcadores moleculares de famílias de feijoeiro-comum com alta produtividade
650 _aFEIJÃO
650 _aMARCADOR MOLECULAR
650 _aSELEÇÃO
650 _aHEREDITARIEDADE
650 _aPRODUTIVIDADE
773 0 _tPesquisa Agropecuária Brasileira (Brazil)
_xISSN 0100-204X
_g(Nov 2008), v. 43(11) p. 1551-1558
_wBR2011007566
909 _a202311
_bLúcia
_c55
_dLúcia Elande
942 _2AGRIS
_n0
_cANA
999 _c215675
_d215675